000 00620nam a2200193 4500
001 110260
003 ES-MaACL
005 20230906185019.0
007 t|
008 061121s1929 au r ||||1| ger d
100 1 _aMoles, Enrique (
_d1883-1953)
_981864
245 1 4 _aDie masse des normalen liters von ammoniak /
_cvon E. Moles und T. Batuecas.
260 _aWien :
_bHölder, Pichler, Tempsky,
_c1929.
300 _a4 h. ;
_c23 cm.
595 _aTirada aparte de: Monatsheften für chemie, v. 53-54, p. 779-785.
650 4 _aAmoníaco.
_9172952
700 1 _aBatuecas, T.
_926493
852 _aES-MaACL
_j1734-F-25
999 _c110260
_d110260